000 00799nam a2200253Ia 4500
003 OSt
005 20220926034034.0
006 a|||||r|||| 00| 0
007 ta
008 220923b |||||||| |||| 00| 0 eng d
020 _a0844732249
037 _cGeneral Book
040 _aRTL
_cRTL
_beng
041 _2eng
_aeng
082 _aX9(F555):76.1.N7, L6
100 _aHouthakker Hendrik S
_9339944
245 0 _aWorld price of oil
_b A medium term analysis
260 _aWashington
_bAmerican Enterprise Institute
_c1976
300 _a37p.
_ccm.
490 _aAmerican Enterprise Institute For Public Policy Research, Publication
650 _aPetroleum Industry
942 _hX9(F555):76.1.N7, L6
_cGB
_2CC
999 _c658569
_d658569